00668nam a2200217Ia 4500003000900000008004100009040001300050040001300063041000800076100002200084245004500106250001000151260002500161260000900186300001100195300001000206490000600216942000700222999001700229952020400246IT-RoPAU120407s9999 xx 000 0 und d aIT-RoPAU cIT-RoPAU aita aMassimo Petrocchi aIl problema del lassismo nel secolo XVII aRoma  aStoria e Letteratura c1953 a125 p. c25 cm v1 cBK c24919d24919 00102ddc406270_400000000000000_3171aPAULUSbPAULUSd2012-04-11l0o270.4.31r2012-04-11 00:00:00w2012-04-11yBKzInserito da: Mario In data: 19 settembre 2011 fondo: Via A.Severo 56 Progr:13987